000 00451nam a2200181Ia 4500
001 16558
005 20260306170318.0
008 260306t2008||||xx |||||||||||||| ||und||
041 _aESP
082 _a348.62
_bG312
100 _aGaceta Jurídica
_eAUT
245 0 _aComentarios a la ley general de inspección del trabajo
260 _c2008
300 _a438 páginas :
_c24 cm.
650 _aGEN
654 _aCDE
942 _cLIB
_dJUS
_fJUS
_2ddc
_n
999 _c16558
_d16558